NEW JERSEY Nets quiz - Statistics

General Stats
  • This quiz has been taken 497 times
  • The average score is 5 of 15
Answer Stats
Hint Answer % Correct
Point Guard that led the Nets to back to back finals Jason Kidd
82%
Rapper that partially owns Nets (2012) Jay Z
74%
All star the nets traded for in 2004 Vince Carter
60%
# of years Nets were in New Jersey 35
46%
Year of there first atlantic divison title 2001-2002
43%
#1 overall pick in 2000 draft Kenyon Martin
38%
Nets small foward traded to the Bucks in 2008 Richard Jefferson
31%
Superstar that died in a car crash Drazen Petrovic
30%
Centerpiece of trade for jason Kidd Stephon Marbury
18%
Name of there arena 1981-2010 IZOD center
17%
Coach that led them to 2 conference titles Byron Scott
16%
Name of there arena 2010-2012 Prudential center
16%
Majority owner of the Nets (2012) Mikhail Prokhorov
7%
Coach that passed on Kobe Bryant in the draft John Calipari
5%
Horrible owner whos cost cuting ruined the Nets Bruce Ratner
3%
No matching quizzes found
Score Distribution
Percent of People with Each Score
Percentile by Number Answered
Your Score History
You have not taken this quiz